000 00884cam a22002531i 4500
003 SA-RiAUC
005 20250224091007.0
008 250220s1981 le g 000 0 ara c
040 _aQA-DoQUL
_bara
_cSA-RiAUC
_erda
082 0 4 _a189.19
_qSA-RiAUC
090 _a189.19
_b ز ك ي
100 0 _aزكي نجيب محمود،
_d1905-1993
_eمؤلف.
245 1 0 _aمجتمع جديد، أو، الكارثة /
_cزكي نجيب محمود.
246 3 3 _aالكارثة
250 _aالطبعة الثانية.
264 1 _aبيروت :
_bدار الشروق،
_c1981
300 _a338 صفحة ؛
_c20 سم
336 _aنص
_btxt
_2rdacontent
_3كتاب
337 _aبدون وسيط
_bn
_2rdamedia
338 _aمجلد
_bnc
_2rdacarrier
650 7 _aالفلسفة العربية
_yقرن 20
_2aucsh
942 _2ddc
_cBOOK
_n0
949 _aSA-JeALM
_d250220
_uosman123
_n1
999 _c6201
_d6201